000 00452nam a2200193Ia 4500
008 240510s9999 xx 000 0 und d
020 _a0000632015454
041 _aEng
082 _a005.113
082 _bS75
100 _aStorer, Ralph
245 0 _aPractical program development using JSP
260 _bOxford : Blackwell
260 _c1987
300 _a339 p.
650 _aStructured Programming : JSP
942 _2ddc
942 _cLBK
999 _c25711
_d25711
945 _a1
_bMadushi Gamage
_c1
_dMadushi Gamage